000
00293nam a22001337a 4500
008
210430b ||||| |||| 00| 0 eng d
041
_a
eng
080
_a
038
082
_a
038
100
_a
23
101
_a
FJA
245
_a
New Collegiate Dictionary
_c
Merriam Webster
942
_2
udc
_c
BK
999
_c
57065
_d
57065